00622nam a2200229Ia 4500001000700000003000500007008004100012010001100053040000900064082001400073100002800087245008200115260004100197300001100238440000500249500000500254503001100259650003300270650002800303650003600331650002500367Z_3193CHAP220113s1988 xx 000 0 und d a166301 cCHAP a631.84 W5 aWilson, J R aAdvances in nitrogen cycling in agricultural ecosystems /cby J. R. Wilson aOxon :bC.A.B. International,c1988 a451 p. a a a168169 aEcología agrícola I. t. aNitrógeno en plantas  aNitrógenoxEfecto en plantas  aSuelosxNitrógeno